Miesto a význam predmetu Riadenie ľudských zdrojov študijného odboru Ekonomika a manažment podniku

Výučba predmetu riadenie ľudských zdrojov na Podnikovohospodárskej fakulte so sídlom v Košiciach Ekonomickej univerzity v Bratislave.

Guardado en:
Detalles Bibliográficos
Autor principal: Olexová, Cecília, 1976-
Formato: Capítulo de libro
Lenguaje:eslovaco
Materias:
Etiquetas: Agregar Etiqueta
Sin Etiquetas, Sea el primero en etiquetar este registro!

MARC

LEADER 00000naa a2200000 4500
001 0167232
005 20240502072921.9
041 0 |a slo 
044 |a SK 
245 1 0 |a Miesto a význam predmetu Riadenie ľudských zdrojov študijného odboru Ekonomika a manažment podniku  |c Cecília Olexová 
520 |a Výučba predmetu riadenie ľudských zdrojov na Podnikovohospodárskej fakulte so sídlom v Košiciach Ekonomickej univerzity v Bratislave. 
610 2 0 |a manažment 
610 2 0 |a programy študijné 
610 2 0 |a riadenie podnikové 
610 2 0 |a univerzity 
610 2 0 |a výučba vedecká 
610 2 0 |a riadenie ľudských zdrojov 
100 1 |a Olexová, Cecília, 1976-